000 00836cam a22002657a 4500
003 CHAP
005 20220329140816.0
008 971013s r 00010 d
010 _a57950
011 _a58922
035 _a63078
040 _cCHAP
090 _aR-886
100 0 0 _aStewart, A.
_9109753
245 1 4 _aThe expansion and structure of the New Zealand pedigree jersey breed
500 _aSobretiro de: Proc. of the New Zealand Soc. of Animal Production 12:32-39, 1952.
590 _aBATCH-UPD
_b10
_c20130110
_lUCH01
_h0521
590 _aBATCH-UPD
_b10
_c20130410
_lUCH01
_h0200
590 _aBATCH-UPD
_b10
_c20130914
_lUCH01
_h1529
590 _aCONVERSION
_b10
_c20130109
_lUCH01
_h1331
650 4 _aGanado vacuno
_xCría de.
_945451
901 _aBK
942 _cREIMP
949 _aR-886
_bBC
_cR
_d-135335
_eTS1
_i63078
_si
999 _c57950
_d57950